Die Antwort ist eine Farbe #2 - Statistiken

Allgemein
  • Dieses Quiz wurde 86 mal gespielt
  • Das Durchschnittsergebnis liegt bei 5 aus 10
Antwortstatistiken
Hint Antwort % Korrekt
Die Farbe ist die dritte der Medaillen Bronze
92%
Die Farbe ist eine Münzfarbe Gold / Silber
91%
Die Farbe ist ein sehr wertvolles Metall Gold / Silber
91%
Die Farbe ist eine saure Frucht Zitrone
83%
Die Farbe ist ein leitendes Metall Kupfer
59%
Die Farbe ist eine Pflanze die im Süden Frankreichs wächst Lavendel
49%
Die Farbe ist eine Seeflotte Marine
33%
Die Farbe ist eine Süssigkeit Schokolade
24%
Die Farbe ist eine Nuss Pistazie
16%
Die Farbe ist eine Substanz aus dem Verdauungstrakt von Pottwalen Amber
12%
Keine übereinstimmenden Quizze gefunden
Verteilung der Resultate
Anzahl Personen mit jedem Resultat
Perzentil nach korrekt beantworteten Fragen
Ihre Resultats-Entwicklung
Sie haben dieses Quiz noch nicht gespielt